000
00312nam a22001457a 4500
008
230320b ||||| |||| 00| 0 eng d
020
_a
9781609136857
041
_a
eng
080
_a
611
082
_a
611CAE
100
_a
10
101
_a
ANATOMY
245
_a
FUNCTIONAL ANATOMY
_c
CAEL.CH
942
_2
udc
_c
BK
999
_c
59398
_d
59398